[Event "Olimpiada de Khanty-Mansiysk 2010"]
[Site "Khanty-Mansiysk RUS"]
[Date "2010.09.30"]
[Round "9"]
[White "Larrea, Manuel"]
[Black "Malakar, Prachand Man"]
[Result "1-0"]
[WhiteElo "2323"]
[BlackElo "1959"]
[PlyCount "115"]
[EventDate "2010.09.21"]
[EventType "team"]
[EventRounds "11"]
[EventCountry "RUS"]
[Source "lmi"]
[SourceDate "2010.09.21"]
[WhiteTeam "Uruguay"]
[BlackTeam "Nepal"]
[WhiteTeamCountry "URU"]
[BlackTeamCountry "NEP"]

1. e4 c5 2. Nf3 Nc6 3. d4 cxd4 4. Nxd4 Nf6 5. Nc3 e6 6. Ndb5 d6 7. Bf4 e5 8.
Bg5 a6 9. Na3 Be7 10. Nc4 b5 11. Bxf6 gxf6 12. Ne3 Be6 13. Ncd5 O-O 14. Be2 Kh8
15. c3 Rg8 16. Bg4 Rc8 17. Bf5 Rg5 18. Qf3 a5 19. a3 Qf8 20. Qh3 Qg8 21. O-O
Bd8 22. Kh1 Rb8 23. Rg1 a4 24. g3 Na5 25. f4 Rg7 26. Qh6 Nc4 27. Rg2 Nxe3 28.
Nxe3 Bb6 29. fxe5 fxe5 30. Rf1 Rg5 31. Nd5 Rxf5 32. Rxf5 Bxf5 33. exf5 Bc5 34.
Nf6 Qg7 35. Qxg7+ Kxg7 36. Ne4 Kf8 37. Rd2 Ke7 38. Kg2 f6 39. Kf3 Rc8 40. Rd5
Rc6 41. Kg4 Kf7 42. Kh5 Ke7 43. Kh6 Be3+ 44. Kxh7 Rb6 45. Kg7 Bc1 46. Nxf6 Bxb2
47. Rd2 Bxc3 48. Nd5+ Ke8 49. Nxc3 Rb7+ 50. Kg8 Kd7 51. Ne4 Rb8+ 52. Kg7 b4 53.
Nxd6 b3 54. Nc4+ Ke8 55. f6 Rb7+ 56. Kg8 Rb8 57. f7+ Ke7+ 58. Kg7 1-0

[Event "Olimpiada de Khanty-Mansiysk 2010"]
[Site "Khanty-Mansiysk RUS"]
[Date "2010.09.30"]
[Round "9"]
[White "Shrestha, Keshav"]
[Black "Roselli Mailhe, Bernardo"]
[Result "1/2-1/2"]
[WhiteElo "2122"]
[BlackElo "2399"]
[PlyCount "80"]
[EventDate "2010.09.21"]
[EventType "team"]
[EventRounds "11"]
[EventCountry "RUS"]
[Source "lmi"]
[SourceDate "2010.09.21"]
[WhiteTeam "Nepal"]
[BlackTeam "Uruguay"]
[WhiteTeamCountry "NEP"]
[BlackTeamCountry "URU"]

1. e4 e6 2. d4 d5 3. Nd2 Nf6 4. e5 Nfd7 5. Bd3 c5 6. c3 Nc6 7. Ne2 cxd4 8. cxd4
f6 9. exf6 Nxf6 10. Nf3 Bd6 11. O-O Qc7 12. Bg5 O-O 13. Bh4 g6 14. Bg3 a6 15.
Rc1 Bxg3 16. hxg3 Qg7 17. Qd2 Ng4 18. Bc2 Bd7 19. Qg5 Nh6 20. Qe3 Rae8 21. Qd2
Ng4 22. Ba4 Nxd4 23. Nexd4 Bxa4 24. Qg5 Nf6 25. b3 Bb5 26. Nxb5 axb5 27. Rfe1
Ne4 28. Qe3 Re7 29. Rc2 Rc7 30. Rxc7 Qxc7 31. Rc1 Qd6 32. Qd4 b4 33. Re1 Qe7
34. Qb6 Re8 35. Qd4 Rc8 36. Qe5 Rf8 37. Re2 Rf5 38. Qb8+ Rf8 39. Qe5 Rf5 40.
Qb8+ Rf8 1/2-1/2

[Event "Olimpiada de Khanty-Mansiysk 2010"]
[Site "Khanty-Mansiysk RUS"]
[Date "2010.09.30"]
[Round "9"]
[White "Izquierdo, Daniel"]
[Black "Thapa, Uttam Raj"]
[Result "1-0"]
[WhiteElo "2275"]
[BlackElo "2029"]
[PlyCount "133"]
[EventDate "2010.09.21"]
[EventType "team"]
[EventRounds "11"]
[EventCountry "RUS"]
[Source "lmi"]
[SourceDate "2010.09.21"]
[WhiteTeam "Uruguay"]
[BlackTeam "Nepal"]
[WhiteTeamCountry "URU"]
[BlackTeamCountry "NEP"]

1. Nf3 Nf6 2. c4 g6 3. Nc3 Bg7 4. e4 d6 5. d4 O-O 6. Be2 e5 7. d5 Ne8 8. O-O f5
9. Ng5 Qe7 10. Qb3 Na6 11. Ne6 Nc5 12. Nxc5 dxc5 13. Qd1 Nd6 14. exf5 gxf5 15.
Be3 b6 16. f4 e4 17. Qd2 Bd7 18. Rac1 a5 19. b3 Bf6 20. Rc2 Qg7 21. Rd1 Rfb8
22. a3 Be8 23. Nb5 Bxb5 24. cxb5 Rd8 25. b4 axb4 26. axb4 cxb4 27. Qxb4 Ra5 28.
Rdc1 Rd7 29. g3 h6 30. Kg2 Kh7 31. h3 Ra8 32. Kh2 Rg8 33. Rg1 Qf7 34. Qb3 Qe8
35. Ra2 Rdg7 36. Bf1 h5 37. Be2 Kh8 38. Rc2 Rh7 39. Rc6 Rd7 40. Qd1 Qf8 41.
Bxh5 Rh7 42. Be2 Rg6 43. Bf1 Rgh6 44. Bd4 Bxd4 45. Qxd4+ Qf6 46. Qxf6+ Rxf6 47.
Be2 Rfh6 48. h4 Nb7 49. Rgc1 Nc5 50. Ra1 Rxc6 51. bxc6 Kg7 52. d6 Kf6 53. Ra7
Ne6 54. d7 Rh8 55. Bc4 Nd4 56. Rxc7 Ke7 57. Rc8 Rd8 58. c7 Rxd7 59. Re8+ Kxe8
60. c8=Q+ Ke7 61. Kg2 e3 62. h5 Kd6 63. h6 Rh7 64. Qf8+ Kc6 65. Qg7 Rxh6 66.
Qxh6+ Kc5 67. Bd3 1-0

[Event "Olimpiada de Khanty-Mansiysk 2010"]
[Site "Khanty-Mansiysk RUS"]
[Date "2010.09.30"]
[Round "9"]
[White "Nyback, Tomi"]
[Black "Antoniou, Antonis"]
[Result "1-0"]
[WhiteElo "2635"]
[BlackElo "2172"]
[PlyCount "97"]
[EventDate "2010.09.21"]
[EventType "team"]
[EventRounds "11"]
[EventCountry "RUS"]
[Source "lmi"]
[SourceDate "2010.09.21"]
[WhiteTeam "Finlandia"]
[BlackTeam "Chipre"]
[WhiteTeamCountry "FIN"]
[BlackTeamCountry "CYP"]

1. d4 d5 2. c4 c6 3. Nf3 Nf6 4. Nc3 a6 5. c5 b5 6. Bf4 g6 7. h3 Bg7 8. e3 O-O
9. Bd3 Nbd7 10. Bh2 Ne8 11. e4 dxe4 12. Bxe4 Bb7 13. b4 Nc7 14. O-O Re8 15. Qb3
e6 16. Rfe1 Nd5 17. Bc2 Nxc3 18. Qxc3 a5 19. a3 Nf6 20. Be5 Nd5 21. Qd2 Bxe5
22. Nxe5 axb4 23. axb4 Qh4 24. Rxa8 Rxa8 25. Be4 Kg7 26. Bf3 h6 27. Ng4 Qg5 28.
Qxg5 hxg5 29. Bxd5 cxd5 30. Ne3 Ra4 31. Nc2 Ra2 32. Rc1 Bc6 33. Kf1 Kf6 34. Ke2
e5 35. dxe5+ Kxe5 36. Kd3 d4 37. f3 Bd5 38. Re1+ Kf4 39. Kxd4 Bc4 40. Re4+ Kg3
41. Rg4+ Kf2 42. Kc3 Bf1 43. f4 Bxg2 44. fxg5 Bxh3 45. Rf4+ Kg3 46. Rxf7 Be6
47. Rf6 Bd5 48. Ne3 Be4 49. c6 1-0

[Event "Olimpiada de Khanty-Mansiysk 2010"]
[Site "Khanty-Mansiysk RUS"]
[Date "2010.09.30"]
[Round "9"]
[White "Papatryfonos, Constantino"]
[Black "Karttunen, Mika"]
[Result "0-1"]
[WhiteElo "2133"]
[BlackElo "2440"]
[PlyCount "96"]
[EventDate "2010.09.21"]
[EventType "team"]
[EventRounds "11"]
[EventCountry "RUS"]
[Source "lmi"]
[SourceDate "2010.09.21"]
[WhiteTeam "Chipre"]
[BlackTeam "Finlandia"]
[WhiteTeamCountry "CYP"]
[BlackTeamCountry "FIN"]

1. d4 c5 2. dxc5 Nf6 3. Nc3 e6 4. Bg5 Bxc5 5. e3 d5 6. Nf3 h6 7. Bh4 Qb6 8.
Bxf6 gxf6 9. a3 Bd7 10. Rb1 Nc6 11. Be2 Rc8 12. O-O Ne5 13. Nxe5 fxe5 14. e4 d4
15. Na2 O-O 16. c4 f5 17. Bd3 Qd8 18. b4 Be7 19. Qh5 Rf6 20. f4 Be8 21. Qh3
exf4 22. Rxf4 Bd6 23. Rh4 fxe4 24. Bxe4 Bf4 25. Rg4+ Bg5 26. Bxb7 Rxc4 27. Qd3
Bb5 28. h4 Rxb4 29. Qe4 Rxb1+ 30. Qxb1 Rf1+ 31. Qxf1 Bxf1 32. Kxf1 Qb6 33. Be4
Qb3 34. Bf3 Qb1+ 35. Ke2 Qxa2+ 36. Kd3 e5 37. hxg5 h5 38. Re4 Qxa3+ 39. Kc4 Qd6
40. Bxh5 Qc6+ 41. Kd3 Qc3+ 42. Ke2 Qc2+ 43. Kf3 Qd1+ 44. Kf2 Qxh5 45. Rxe5 Qf7+
46. Ke1 Qf4 47. Re7 d3 48. Kd1 Qa4+ 0-1

[Event "Olimpiada de Khanty-Mansiysk 2010"]
[Site "Khanty-Mansiysk RUS"]
[Date "2010.09.30"]
[Round "9"]
[White "Agopov, Mikael"]
[Black "Klerides, Paris"]
[Result "1-0"]
[WhiteElo "2419"]
[BlackElo "2194"]
[PlyCount "59"]
[EventDate "2010.09.21"]
[EventType "team"]
[EventRounds "11"]
[EventCountry "RUS"]
[Source "lmi"]
[SourceDate "2010.09.21"]
[WhiteTeam "Finlandia"]
[BlackTeam "Chipre"]
[WhiteTeamCountry "FIN"]
[BlackTeamCountry "CYP"]

1. e4 d5 2. exd5 Qxd5 3. Nc3 Qa5 4. d4 Nf6 5. Nf3 c6 6. Bc4 Bf5 7. Bd2 e6 8.
Nd5 Qd8 9. Nxf6+ Qxf6 10. Qe2 Bg4 11. O-O-O Nd7 12. d5 Bxf3 13. gxf3 cxd5 14.
Bxd5 O-O-O 15. Ba5 Qg5+ 16. f4 Qxf4+ 17. Kb1 exd5 18. Bxd8 Kxd8 19. Rxd5 Kc7
20. Qe8 Nf6 21. Qd8+ Kc6 22. Rd3 Rg8 23. Qc8+ Kb6 24. Rd8 Qb4 25. Rhd1 Qc5 26.
Qb8 Ne4 27. R1d3 Bd6 28. R8xd6+ Nxd6 29. Qxg8 Nc4 30. Qxg7 1-0

[Event "Olimpiada de Khanty-Mansiysk 2010"]
[Site "Khanty-Mansiysk RUS"]
[Date "2010.09.30"]
[Round "9"]
[White "Baules, Jorge"]
[Black "Zhang, Zhong"]
[Result "0-1"]
[WhiteElo "2335"]
[BlackElo "2582"]
[PlyCount "86"]
[EventDate "2010.09.21"]
[EventType "team"]
[EventRounds "11"]
[EventCountry "RUS"]
[Source "lmi"]
[SourceDate "2010.09.21"]
[WhiteTeam "Panamá"]
[BlackTeam "Singapur"]
[WhiteTeamCountry "PAN"]
[BlackTeamCountry "SIN"]

1. d4 Nf6 2. c4 e6 3. Nc3 Bb4 4. e3 O-O 5. Nge2 d5 6. a3 Be7 7. cxd5 exd5 8. g3
a5 9. Bg2 Re8 10. O-O Na6 11. Nf4 c6 12. Bd2 Bd6 13. Nce2 Bf5 14. Bc3 Nc7 15.
Kh1 Qd7 16. Nd3 Nb5 17. Be1 Bh3 18. Ng1 Bxg2+ 19. Kxg2 Qf5 20. a4 Nc7 21. b4
Qe4+ 22. Nf3 g5 23. Kg1 g4 24. Nfe5 axb4 25. f3 Qxe3+ 26. Bf2 Qh6 27. fxg4 Re7
28. Qf3 Ne4 29. Be3 Qg7 30. g5 Bxe5 31. Nxe5 Rxe5 32. dxe5 Ne6 33. h4 c5 34.
Rad1 Rd8 35. Bf4 Nc3 36. Rd2 Qg6 37. Be3 Rd7 38. Rh2 Qe4 39. h5 d4 40. Bd2 Qxf3
41. Rxf3 b3 42. Be1 Nxg5 43. Rf6 Nce4 0-1

[Event "Olimpiada de Khanty-Mansiysk 2010"]
[Site "Khanty-Mansiysk RUS"]
[Date "2010.09.30"]
[Round "9"]
[White "Fernandez, Daniel Howard"]
[Black "Sanchez, Jorge"]
[Result "1-0"]
[WhiteElo "2371"]
[BlackElo "2163"]
[PlyCount "67"]
[EventDate "2010.09.21"]
[EventType "team"]
[EventRounds "11"]
[EventCountry "RUS"]
[Source "lmi"]
[SourceDate "2010.09.21"]
[WhiteTeam "Singapur"]
[BlackTeam "Panamá"]
[WhiteTeamCountry "SIN"]
[BlackTeamCountry "PAN"]

1. e4 d6 2. d4 Nf6 3. Bd3 e5 4. c3 g6 5. Nf3 Nbd7 6. O-O Bg7 7. Qc2 O-O 8. h3
b6 9. Be3 Bb7 10. Nbd2 Re8 11. d5 c6 12. c4 Rc8 13. Qa4 a5 14. Rfc1 Nc5 15.
Bxc5 dxc5 16. Qc2 Nh5 17. Bf1 Rf8 18. Re1 Rc7 19. Rad1 Bc8 20. Qb3 cxd5 21.
cxd5 Qf6 22. Nc4 Rb7 23. Ncxe5 Re8 24. Ba6 Rb8 25. Bxc8 Rbxc8 26. Nc4 Rb8 27.
a4 Qf4 28. d6 g5 29. e5 g4 30. hxg4 Qxg4 31. d7 Red8 32. e6 Nf4 33. exf7+ Kf8
34. Re8+ 1-0

[Event "Olimpiada de Khanty-Mansiysk 2010"]
[Site "Khanty-Mansiysk RUS"]
[Date "2010.09.30"]
[Round "9"]
[White "Arosemena, Jose Luis"]
[Black "Chan, Wei Xuan Timothy"]
[Result "0-1"]
[WhiteElo "2203"]
[BlackElo "2338"]
[PlyCount "62"]
[EventDate "2010.09.21"]
[EventType "team"]
[EventRounds "11"]
[EventCountry "RUS"]
[Source "lmi"]
[SourceDate "2010.09.21"]
[WhiteTeam "Panamá"]
[BlackTeam "Singapur"]
[WhiteTeamCountry "PAN"]
[BlackTeamCountry "SIN"]

1. e4 g6 2. d4 Bg7 3. Nc3 d6 4. h4 a6 5. h5 b5 6. h6 Bf8 7. a3 Bb7 8. Nf3 Nd7
9. d5 c5 10. dxc6 Bxc6 11. Nd4 Bb7 12. g4 Nc5 13. Bg2 Nf6 14. Qe2 e5 15. Nb3
Na4 16. g5 Nd7 17. Rh3 Rc8 18. Nd1 Be7 19. Rg3 Nf8 20. Be3 Ne6 21. Qd2 O-O 22.
Na5 Ba8 23. b3 Nac5 24. Rg4 Nf4 25. Bxf4 exf4 26. b4 Ne6 27. e5 dxe5 28. Qxd8
Rcxd8 29. Bxa8 Rxa8 30. Nc6 Bxg5 31. Nxe5 Bf6 0-1

[Event "Olimpiada de Khanty-Mansiysk 2010"]
[Site "Khanty-Mansiysk RUS"]
[Date "2010.09.30"]
[Round "9"]
[White "De La Riva Aguado, Oscar"]
[Black "Mas, Hafizulhelmi"]
[Result "1-0"]
[WhiteElo "2521"]
[BlackElo "2422"]
[PlyCount "79"]
[EventDate "2010.09.21"]
[EventType "team"]
[EventRounds "11"]
[EventCountry "RUS"]
[Source "lmi"]
[SourceDate "2010.09.21"]
[WhiteTeam "Andorra"]
[BlackTeam "Malasia"]
[WhiteTeamCountry "AND"]
[BlackTeamCountry "MAS"]

1. e4 c5 2. Nf3 d6 3. d4 cxd4 4. Nxd4 Nf6 5. Nc3 a6 6. Be3 e5 7. Nf3 Be7 8. Bc4
O-O 9. O-O Qc7 10. Bb3 Be6 11. Qe2 Rc8 12. Bg5 Nbd7 13. Rfd1 b5 14. Ne1 Bc4 15.
Bxc4 Qxc4 16. Qxc4 bxc4 17. Bxf6 Nxf6 18. Nd5 Nxd5 19. Rxd5 Rab8 20. b3 g6 21.
g3 f5 22. exf5 gxf5 23. Ng2 cxb3 24. axb3 Kf7 25. Ne3 Ke6 26. Rda5 Rc3 27. Rxa6
Rd8 28. Rd1 h5 29. Kf1 h4 30. Ke2 Bg5 31. Rd3 Rxd3 32. Kxd3 e4+ 33. Ke2 f4 34.
gxf4 Bxf4 35. h3 Be5 36. Ra7 Rc8 37. Rh7 Bf4 38. Rxh4 Bxe3 39. Kxe3 Rxc2 40.
Kxe4 1-0

[Event "Olimpiada de Khanty-Mansiysk 2010"]
[Site "Khanty-Mansiysk RUS"]
[Date "2010.09.30"]
[Round "9"]
[White "Mok, Tze-Meng"]
[Black "Simonet, Marc"]
[Result "1/2-1/2"]
[WhiteElo "2416"]
[BlackElo "2277"]
[PlyCount "49"]
[EventDate "2010.09.21"]
[EventType "team"]
[EventRounds "11"]
[EventCountry "RUS"]
[Source "lmi"]
[SourceDate "2010.09.21"]
[WhiteTeam "Malasia"]
[BlackTeam "Andorra"]
[WhiteTeamCountry "MAS"]
[BlackTeamCountry "AND"]

1. e4 e6 2. d4 d5 3. Nd2 c5 4. exd5 exd5 5. Ngf3 Nc6 6. Bb5 Bd6 7. O-O Nge7 8.
c4 a6 9. cxd5 axb5 10. dxc5 Bxh2+ 11. Nxh2 Qxd5 12. Nb3 Be6 13. Be3 O-O 14. Nf3
Nf5 15. Qxd5 Bxd5 16. Rfd1 Rfd8 17. Nbd4 Nfxd4 18. Nxd4 Nxd4 19. Rxd4 Bc6 20.
Rad1 Rxd4 21. Rxd4 f6 22. a3 Ra4 23. Rd2 Rg4 24. g3 h5 25. Rd4 1/2-1/2

[Event "Olimpiada de Khanty-Mansiysk 2010"]
[Site "Khanty-Mansiysk RUS"]
[Date "2010.09.30"]
[Round "9"]
[White "Garcia, Raul"]
[Black "Tan, Khai Boon"]
[Result "1-0"]
[WhiteElo "2236"]
[BlackElo "2160"]
[PlyCount "69"]
[EventDate "2010.09.21"]
[EventType "team"]
[EventRounds "11"]
[EventCountry "RUS"]
[Source "lmi"]
[SourceDate "2010.09.21"]
[WhiteTeam "Andorra"]
[BlackTeam "Malasia"]
[WhiteTeamCountry "AND"]
[BlackTeamCountry "MAS"]

1. d4 Nf6 2. Nf3 c5 3. d5 e6 4. c4 exd5 5. cxd5 d6 6. Nc3 g6 7. Bg5 Bg7 8. Nd2
h6 9. Bh4 g5 10. Bg3 Nh5 11. Qa4+ Bd7 12. Qe4+ Qe7 13. Bxd6 Qxe4 14. Ndxe4 b6
15. e3 f5 16. Be2 g4 17. Ng3 Nxg3 18. hxg3 Kf7 19. O-O-O Rc8 20. f3 gxf3 21.
gxf3 c4 22. e4 b5 23. e5 Be8 24. f4 b4 25. Bxb4 a5 26. Bd6 Na6 27. g4 fxg4 28.
Bxg4 Nc5 29. Bxc8 Rxc8 30. Bxc5 Rxc5 31. Ne4 Rc7 32. Nd6+ Kf8 33. Nxe8 Kxe8 34.
d6 Rb7 35. Rhg1 1-0

[Event "Olimpiada de Khanty-Mansiysk 2010"]
[Site "Khanty-Mansiysk RUS"]
[Date "2010.09.30"]
[Round "9"]
[White "Elbaruni, Mohamed"]
[Black "Elliott, Warren"]
[Result "1/2-1/2"]
[WhiteElo "2053"]
[BlackElo "2254"]
[PlyCount "103"]
[EventDate "2010.09.21"]
[EventType "team"]
[EventRounds "11"]
[EventCountry "RUS"]
[Source "lmi"]
[SourceDate "2010.09.21"]
[WhiteTeam "Libia"]
[BlackTeam "Jamaica"]
[WhiteTeamCountry "LBY"]
[BlackTeamCountry "JAM"]

1. d4 e6 2. Nf3 Nf6 3. Bf4 Nh5 4. Bg5 Be7 5. h4 h6 6. Bxe7 Qxe7 7. c3 d6 8. e3
b6 9. Nbd2 Bb7 10. Bd3 Nf6 11. Qe2 Nbd7 12. O-O-O O-O-O 13. Ba6 e5 14. e4 Nb8
15. Bxb7+ Kxb7 16. d5 Nh5 17. g3 g6 18. Ne1 Rdf8 19. Qc4 f5 20. Nd3 Qd7 21.
Rhg1 Nf6 22. f4 fxe4 23. Nxe4 Nxe4 24. Qxe4 Qf5 25. Qxf5 Rxf5 26. fxe5 dxe5 27.
g4 Rf6 28. Nxe5 g5 29. hxg5 hxg5 30. Rh1 Re8 31. Rde1 Rf4 32. Rh7 Kc8 33. Re3
Na6 34. b4 Rf2 35. Rh5 Rxa2 36. Rxg5 Rh8 37. Rh5 Rxh5 38. gxh5 Rh2 39. Nc6 Rxh5
40. b5 Kb7 41. bxa6+ Kxa6 42. c4 b5 43. c5 b4 44. Ne5 Rh1+ 45. Kc2 Rh2+ 46. Kd1
Rh1+ 47. Kd2 Rh2+ 48. Re2 Rh6 49. Nf7 Rh7 50. Ne5 Rh6 51. Ng6 Kb5 52. Re6
1/2-1/2

[Event "Olimpiada de Khanty-Mansiysk 2010"]
[Site "Khanty-Mansiysk RUS"]
[Date "2010.09.30"]
[Round "9"]
[White "Nelis, Jean-Francois"]
[Black "Alvarez, Marquez Johann"]
[Result "1/2-1/2"]
[WhiteElo "2238"]
[BlackElo "2414"]
[PlyCount "83"]
[EventDate "2010.09.21"]
[EventType "team"]
[EventRounds "11"]
[EventCountry "RUS"]
[Source "lmi"]
[SourceDate "2010.09.21"]
[WhiteTeam "Mónaco"]
[BlackTeam "Venezuela"]
[WhiteTeamCountry "MNC"]
[BlackTeamCountry "VEN"]

1. d4 d5 2. Bf4 Nf6 3. e3 c5 4. c3 Nc6 5. Bd3 Qb6 6. Qc1 Bg4 7. Nd2 Rc8 8. h3
Bh5 9. Ngf3 e6 10. a3 Be7 11. b4 cxd4 12. cxd4 O-O 13. Qb2 Bg6 14. Bxg6 hxg6
15. O-O a5 16. b5 a4 17. Rab1 Na7 18. Ne5 Bd6 19. Nd3 Bxf4 20. Nxf4 Qa5 21. b6
Nc6 22. Nd3 Nd7 23. Nf3 Ra8 24. Rfc1 Ra6 25. Rc5 Rxb6 26. Rxa5 Rxb2 27. Nxb2
Nxa5 28. Nxa4 b6 29. Nd2 Rb8 30. Kf1 Kf8 31. Ke2 Ke7 32. Kd3 Kd6 33. Rb2 f6 34.
Nc3 Rc8 35. Nb5+ Ke7 36. Rc2 Rxc2 37. Kxc2 Nb8 38. Kc3 Kd7 39. a4 Kc6 40. h4
Na6 41. Na7+ Kb7 42. Nb5 1/2-1/2

[Event "Olimpiada de Khanty-Mansiysk 2010"]
[Site "Khanty-Mansiysk RUS"]
[Date "2010.09.30"]
[Round "9"]
[White "Soto, Paez Oliver"]
[Black "Van Hoolandt, Patrick"]
[Result "1-0"]
[WhiteElo "2373"]
[BlackElo "2151"]
[PlyCount "99"]
[EventDate "2010.09.21"]
[EventType "team"]
[EventRounds "11"]
[EventCountry "RUS"]
[Source "lmi"]
[SourceDate "2010.09.21"]
[WhiteTeam "Venezuela"]
[BlackTeam "Mónaco"]
[WhiteTeamCountry "VEN"]
[BlackTeamCountry "MNC"]

1. e4 e5 2. Nf3 Nc6 3. Bb5 Nf6 4. d3 Bc5 5. O-O Nd4 6. Nxd4 Bxd4 7. c3 Bb6 8.
Bg5 c6 9. Ba4 h6 10. Bh4 d6 11. Nd2 g5 12. Bg3 Bg4 13. Qc2 h5 14. h4 Nd7 15.
Nc4 Bc7 16. f3 Be6 17. Bb3 gxh4 18. Bf2 Rg8 19. Kh1 h3 20. g3 Qf6 21. Qe2 O-O-O
22. Ne3 Kb8 23. Bxe6 fxe6 24. Nc4 d5 25. Nd2 Rde8 26. a4 Bb6 27. Be1 Qg5 28. b4
Be3 29. Nb3 Bf4 30. Rg1 h4 31. g4 h2 32. Rf1 Nf8 33. b5 Rc8 34. bxc6 Rxc6 35.
Rb1 Ng6 36. Na5 Rc7 37. Qb2 Rgg7 38. Qb5 Qd8 39. Nc6+ Rxc6 40. Qxc6 Qe7 41.
exd5 exd5 42. Qxd5 Bg3 43. Bd2 Qe8 44. Be3 Rd7 45. Qa5 Rc7 46. Bxa7+ Kc8 47.
Bb6 e4 48. Qa8+ Kd7 49. Qxe8+ Kxe8 50. Bxc7 1-0

[Event "Olimpiada de Khanty-Mansiysk 2010"]
[Site "Khanty-Mansiysk RUS"]
[Date "2010.09.30"]
[Round "9"]
[White "Gentilleau, Jean-Philippe"]
[Black "Semerene, Dumit"]
[Result "1/2-1/2"]
[WhiteElo "2182"]
[BlackElo "2318"]
[PlyCount "179"]
[EventDate "2010.09.21"]
[EventType "team"]
[EventRounds "11"]
[EventCountry "RUS"]
[Source "lmi"]
[SourceDate "2010.09.21"]
[WhiteTeam "Mónaco"]
[BlackTeam "Venezuela"]
[WhiteTeamCountry "MNC"]
[BlackTeamCountry "VEN"]

1. e4 c6 2. d4 d5 3. exd5 cxd5 4. c4 Nf6 5. Nc3 e6 6. Nf3 Be7 7. cxd5 Nxd5 8.
Bd3 Nc6 9. O-O O-O 10. Re1 Bf6 11. Be3 Nxe3 12. fxe3 g6 13. Rc1 Bg7 14. Bb5 Bd7
15. Qe2 a6 16. Bxc6 Bxc6 17. Red1 Qb6 18. Kh1 Rad8 19. Rd2 Rd7 20. Rcd1 Rfd8
21. Qf2 h6 22. Qg3 Qc7 23. Qf2 b5 24. a3 a5 25. Rc2 Qb7 26. Rdc1 b4 27. axb4
axb4 28. Ne2 Be4 29. Rd2 Rc8 30. Rxc8+ Qxc8 31. Ng3 Bb1 32. Rd1 Bc2 33. Rc1 Rc7
34. Qd2 b3 35. Qa5 Rc6 36. Nd2 e5 37. Qa4 exd4 38. exd4 Rc7 39. Ngf1 Qd8 40.
Nf3 Re7 41. Qc4 Qd6 42. N1d2 Re3 43. Rf1 Qe7 44. Ne5 Bxe5 45. dxe5 Qe6 46. Qf4
Rxe5 47. Nf3 Rf5 48. Qxh6 Be4 49. Qd2 Bxf3 50. Rxf3 Rd5 51. Qc1 Re5 52. Rf1 Re2
53. Qc3 Rc2 54. Qd4 Qc4 55. Qd8+ Kh7 56. Qf6 Rc1 57. Rg1 Rc2 58. h3 Qd5 59.
Qh4+ Kg7 60. Qg3 Kh7 61. Rb1 Rd2 62. Qh4+ Kg8 63. Qg3 Rd3 64. Qg4 Qd4 65. Qc8+
Kg7 66. Qc7 Qe4 67. Kh2 Qd5 68. Rf1 g5 69. Rf2 Kg6 70. Qb8 Kg7 71. Qc7 Re3 72.
Qb8 Rd3 73. Qc7 Qe6 74. Qc5 f6 75. Qc7+ Kg6 76. Qb8 Qe5+ 77. Qxe5 fxe5 78. g4
Rd4 79. Kg3 Rd3+ 80. Kg2 e4 81. Re2 Kf6 82. Rxe4 Rd2+ 83. Kg3 Rxb2 84. h4 Rb1
85. hxg5+ Kxg5 86. Rb4 b2 87. Rb5+ Kf6 88. g5+ Kg6 89. Kg2 Kh5 90. Kh2 1/2-1/2

[Event "Olimpiada de Khanty-Mansiysk 2010"]
[Site "Khanty-Mansiysk RUS"]
[Date "2010.09.30"]
[Round "9"]
[White "Jones, Richard S"]
[Black "Gruenfeld, Yehuda"]
[Result "0-1"]
[WhiteElo "2373"]
[BlackElo "2464"]
[PlyCount "110"]
[EventDate "2010.09.21"]
[EventType "team"]
[EventRounds "11"]
[EventCountry "RUS"]
[Source "lmi"]
[SourceDate "2010.09.21"]
[WhiteTeam "Gales"]
[BlackTeam "ICS"]
[WhiteTeamCountry "WLS"]

1. e4 c5 2. Nf3 d6 3. d4 cxd4 4. Nxd4 Nf6 5. Nc3 a6 6. Bc4 e6 7. Bb3 Nbd7 8.
Bg5 Qa5 9. Qd2 Be7 10. O-O-O Nc5 11. Rhe1 O-O 12. Kb1 Kh8 13. f4 h6 14. Bxf6
Bxf6 15. e5 dxe5 16. fxe5 Be7 17. Qf2 Bd7 18. Re3 Rad8 19. Rf3 Kg8 20. Rf1 Nxb3
21. Nxb3 Qxe5 22. Rxf7 Bc6 23. g3 Bf6 24. Rxf8+ Rxf8 25. Re1 Qf5 26. Qe2 Bxc3
27. bxc3 Re8 28. Qe5 Qxe5 29. Rxe5 Bd5 30. Nc5 Kf7 31. Kb2 Ke7 32. Nd3 Kd6 33.
Re3 e5 34. h4 g5 35. hxg5 hxg5 36. Nf2 Rf8 37. Ng4 e4 38. c4 Bc6 39. Kc3 Kc5
40. a3 Rf5 41. Nh6 Rf2 42. Ng4 Rf5 43. Nh6 Rf1 44. Ng4 Kd6 45. Kd4 Ke6 46. Nh6
Rd1+ 47. Kc3 Rh1 48. Ng4 Kf5 49. Nf2 Rf1 50. Re2 e3 51. Nd3 Ke4 52. Re1 Rxe1
53. Nxe1 Be8 54. c5 Bb5 55. Kb4 e2 0-1

[Event "Olimpiada de Khanty-Mansiysk 2010"]
[Site "Khanty-Mansiysk RUS"]
[Date "2010.09.30"]
[Round "9"]
[White "Jones, Iolo C"]
[Black "Salov, Sergej"]
[Result "0-1"]
[WhiteElo "2294"]
[BlackElo "2271"]
[PlyCount "102"]
[EventDate "2010.09.21"]
[EventType "team"]
[EventRounds "11"]
[EventCountry "RUS"]
[Source "lmi"]
[SourceDate "2010.09.21"]
[WhiteTeam "Gales"]
[BlackTeam "ICS"]
[WhiteTeamCountry "WLS"]

1. d4 c5 2. c3 Nf6 3. Nf3 Qc7 4. g3 g6 5. Bg2 Bg7 6. O-O O-O 7. Bg5 h6 8. Bf4
d6 9. Na3 a6 10. Re1 Nbd7 11. e4 e5 12. dxe5 dxe5 13. Bd2 b5 14. Qc1 Kh7 15.
Qc2 Bb7 16. Rad1 c4 17. b3 Nc5 18. Nh4 Nd3 19. Re2 Qc5 20. b4 Qe7 21. f3 Nh5
22. Bf1 Rad8 23. Re3 Nhf4 24. Be1 Bf6 25. gxf4 Nxe1 26. Rexe1 Bxh4 27. Rxd8
Rxd8 28. Rd1 exf4 29. Rxd8 Qxd8 30. Nb1 Bf6 31. a4 Be5 32. a5 f5 33. exf5 Bxf3
34. fxg6+ Kg7 35. Qf5 Qg5+ 36. Qxg5 hxg5 37. Bg2 Bxg2 38. Kxg2 Kxg6 39. Kf3 Kf5
40. h3 Bf6 41. Ke2 g4 42. hxg4+ Kxg4 43. Kf2 f3 44. Nd2 Bh4+ 45. Kf1 Kf4 46.
Nb1 Ke3 47. Na3 Bg3 48. Nc2+ Kd3 49. Nd4 Kxc3 50. Nxf3 Kb2 51. Ke2 c3 0-1

[Event "Olimpiada de Khanty-Mansiysk 2010"]
[Site "Khanty-Mansiysk RUS"]
[Date "2010.09.30"]
[Round "9"]
[White "Parfenov, Pavel"]
[Black "Young, Alan"]
[Result "1-0"]
[WhiteElo "2242"]
[BlackElo "2009"]
[PlyCount "119"]
[EventDate "2010.09.21"]
[EventType "team"]
[EventRounds "11"]
[EventCountry "RUS"]
[Source "lmi"]
[SourceDate "2010.09.21"]
[WhiteTeam "ICS"]
[BlackTeam "Gales"]
[BlackTeamCountry "WLS"]

1. d4 d5 2. Nf3 Nf6 3. g3 c6 4. Bg2 Bg4 5. O-O Nbd7 6. Nbd2 e6 7. Re1 Be7 8. e4
dxe4 9. Nxe4 O-O 10. c3 Qb6 11. Nxf6+ Bxf6 12. Qc2 Bf5 13. Qe2 a5 14. Be3 Qa6
15. c4 Rfd8 16. Red1 Nb6 17. Bf1 a4 18. h3 h6 19. g4 Be4 20. Rac1 Rac8 21. b4
Nd7 22. Nd2 Bg6 23. f4 Qb6 24. c5 Qxb4 25. Nc4 b6 26. f5 b5 27. a3 Qb3 28. Rd3
Qxc4 29. Rxc4 bxc4 30. Rc3 exf5 31. Rxc4 Re8 32. gxf5 Bxf5 33. Qf2 Be6 34. Rxa4
Bd5 35. Bg2 Bxg2 36. Kxg2 Re4 37. Rc4 Rce8 38. Rc3 Bxd4 39. Bxd4 Re2 40. a4
Rxf2+ 41. Bxf2 Ra8 42. Rd3 Nf6 43. Rd6 Ne4 44. Rxc6 Nxf2 45. Kxf2 Rxa4 46. Rc8+
Kh7 47. c6 Rc4 48. Ke3 g5 49. Kd3 Rc1 50. Ke4 Kg7 51. Kd5 h5 52. Re8 g4 53.
hxg4 hxg4 54. Re4 f5 55. Rc4 Rd1+ 56. Ke6 Re1+ 57. Kxf5 Re8 58. c7 Rf8+ 59. Ke6
Rf6+ 60. Ke5 1-0